000 00865cab a22001815a 4500
001 L145607
008 081024s2008 xxka f 000 0 eng d
035 _a(Sirsi) u145607
041 0 _aeng
100 1 _aSeah, Eugene
245 0 4 _aDos and don'ts for e-tendering
_ba quantity surveying perspective
260 _c2008
490 _aProject Control Professional
_v46 (5) September 2008, 18-21 (4)
520 _aDiscusses how technologies and the Internet have an impact on tendering. Explains that it allow more productivity. Emphasises the need to manage e-tendering properly to avoid problems to both consultants and tenderers. Gives advice for best practice for e-tendering and issues to be considered by the quantity surveyors. Presents the Electronic Data Interchange Agreement.
651 4 _aUnited Kingdom
_y
690 _aProcurement
_96260
942 _n0
999 _c80898
_d80898